| 000 | 01452cam a2200397 a 4500 | ||
|---|---|---|---|
| 001 | 1496421 | ||
| 003 | 000 | ||
| 005 | 20170822124247.0 | ||
| 007 | 000 | ||
| 008 | 880210s1987 sw a b 000 0 eng | ||
| 010 | _a 88110404 | ||
| 020 | _a9178701775 (pbk.) | ||
| 040 |
_aUOEL _cDLC _dDLC |
||
| 043 |
_an-us-co _ae-sw--- |
||
| 050 | 0 | 0 |
_aHD211.C6 _bL66 1987 |
| 082 | 0 | 0 |
_a333.73/13/09788 _219 |
| 100 | 1 | _aLönegren, Hans. | |
| 245 | 1 | 0 |
_aControl of land use and groundwater quality in Colorado and Sweden / _cHans Lönegren. |
| 260 |
_aLinköping, Sweden : _bLinköping University, _cc1987. |
||
| 300 |
_a164 p. : _bill. ; _c24 cm. |
||
| 440 | 0 |
_aLinköping studies in arts and science, _x0282-9800 ; _v11 |
|
| 500 | _aThesis sheet tipped in. | ||
| 502 | _aThesis (Ph.D.)--Universitetet i Linköping, 1987. | ||
| 504 | _aBibliography: p. 150-160. | ||
| 650 | 0 |
_aLand use _xEnvironmental aspects _zColorado. |
|
| 650 | 0 |
_aLand use _xEnvironmental aspects _zSweden. |
|
| 650 | 0 |
_aGroundwater _xPollution _zColorado. |
|
| 650 | 0 |
_aGroundwater _xPollution _zSweden. |
|
| 650 | 0 |
_aLand use _xLaw and legislation _zColorado. |
|
| 650 | 0 |
_aLand use _xLaw and legislation _zSweden. |
|
| 650 | 0 |
_aGroundwater _xPollution _xLaw and legislation _zColorado. |
|
| 650 | 0 |
_aGroundwater _xPollution _xLaw and legislation _zSweden. |
|
| 906 |
_a7 _bcbc _corignew _d3 _encip _f19 _gy-gencatlg |
||
| 942 |
_2lcc _cSBK |
||
| 999 |
_c15682 _d15682 |
||